Southville International School and Colleges
Your cart is empty.
  • Cart
  • Lists
    Public lists Eva Luna New books Lux_list list_1
    Your lists Log in to create your own lists
  • Log in to your account
  • Your cookies
  • Search history
Southville International School and Colleges
  • Advanced search
  • Recent comments
  • Most popular
  • Libraries

Log in to your account

Log in with GOOGLE


If you do not have an external account, but do have a local account, you can still log in:

  1. Home
  2. MARC view: Write win-win:
Normal view MARC view ISBD view

Write win-win: (Record no. 288218)

[ view plain ]
MARC details
000 -LEADER
fixed length control field 00547nam a2200157Ia 4500
008 - FIXED-LENGTH DATA ELEMENTS--GENERAL INFORMATION
fixed length control field 150610s9999 xx 000 0 und d
020 ## - INTERNATIONAL STANDARD BOOK NUMBER
International Standard Book Number 9710335022
050 ## - LIBRARY OF CONGRESS CALL NUMBER
Classification number PE1479
Item number .B87 .D384 2003 
100 ## - MAIN ENTRY--PERSONAL NAME
Personal name De Los Reyes, Rodolfo A.
245 ## - TITLE STATEMENT
Title Write win-win:
Remainder of title a fun guide to one-page difficult messages /
Statement of responsibility, etc Rodolfo A. De Los Reyes.
260 ## - PUBLICATION, DISTRIBUTION, ETC. (IMPRINT)
Place of publication, distribution, etc Pasig City :
Name of publisher, distributor, etc Professional Partners in Growth,
Date of publication, distribution, etc 2003.
300 ## - PHYSICAL DESCRIPTION
Extent 138pages :
Other physical details illustrations ;
Dimensions 18 cm.
504 ## - BIBLIOGRAPHY, ETC. NOTE
Bibliography, etc Includes index.
520 ## - SUMMARY, ETC.
Summary, etc English language.
650 ## - SUBJECT ADDED ENTRY--TOPICAL TERM
General subdivision Business writing.
Holdings
Withdrawn status Lost status Damaged status Home library Current library Shelving location Date acquired Total Checkouts Full call number Barcode Date last seen Price effective from Koha item type
      Stonyhurst Southville International School (Batangas) Stonyhurst Southville International School (Batangas) High School Section 06/10/2015   PE1479.B87 .D384 2003  US-0150 06/10/2015 06/10/2015 Books

Write win-win:

APA

De Los Reyes R. A., . (2003). Write win-win. Pasig City: Professional Partners in Growth.

Chicago

De Los Reyes Rodolfo A, . 2003. Write win-win. Pasig City: Professional Partners in Growth.

Harvard

De Los Reyes R. A., . (2003). Write win-win. Pasig City: Professional Partners in Growth.

MLA

De Los Reyes Rodolfo A, . Write win-win. Pasig City: Professional Partners in Growth. 2003.

  • Place hold
  • Print
  • Cite
  • Add to your cart (remove)
  • Save record
    BIBTEX Dublin Core MARCXML MARC (non-Unicode/MARC-8) MARC (Unicode/UTF-8) MARC (Unicode/UTF-8, Standard) MODS (XML) RIS
  • More searches
    Search for this title in:
    Other Libraries (WorldCat) Other Databases (Google Scholar) Online Stores (Bookfinder.com) Open Library (openlibrary.org)

Exporting to Dublin Core...

SOUTHVILLE LIBRARY

Southville International School and Colleges Library

1281 Tropical Ave. Cor. Luxembourg St., BF Homes International, Las Pinas City

Tel. No. 8256374 / 252358 Loc. 117/146

Powered by Koha